Guess the Painter #1 - Statistics

General Stats
  • This quiz has been taken 29 times
  • The average score is 4 of 18
Answer Stats
Picture Hint Answer % Correct
Office in a Small City Edward Hopper
69%
The Card Players Paul Cézanne
69%
Self Portrait with Chinese Lantern Fruits Egon Schiele
54%
The Ambassadors Hans Holbein the Younger
50%
Basket of Fruit Michelangelo Merisi
31%
Black Square Kazimir Malevich
27%
Landscape with the Fall of Icarus Pieter Bruegel the Elder
23%
Beata Beatrix Dante Gabriel Rossetti
19%
Descent form the Cross Peter Paul Rubens
19%
Vega 200 Victor Vasarely
12%
Untitled (Bacchus) Cy Twombly
8%
Madonna and Child with Saints Piero della Francesca
8%
Waldau Psychiatric Clinic Adolf Wölfli
4%
Skeletons in an Office Paul Delvaux
4%
Line Philip Guston
4%
Sisyphus Franz von Stuck
0%
The Sacrifice of Iphigenia Giovanni Battista Tiepolo
0%
Angel, I will follow you Jacek Malczewski
0%
No matching quizzes found
Score Distribution
Percent of People with Each Score
Percentile by Number Answered
Your Score History
You have not taken this quiz